[Event "DM G7 Grp1 2025"]
[Site "Svendborg"]
[Date "2025.04.15"]
[Round "1"]
[White "Ringsmose, Christian"]
[Black "Rossen, Claus"]
[Result "0-1"]
[WhiteElo "1944"]
[BlackElo "2077"]
[WhiteFideId "1451669"]
[BlackFideId "1403222"]
[EventDate "2025.04.15"]
[EventType "swiss"]
[EventRounds "7"]
[EventCountry "DEN"]
[SourceTitle "Live v. Kasper Jerwiarz"]

1. e4 c5 2. Nf3 d6 3. Bb5+ Nc6 4. O-O g6 5. d4 cxd4 6. Nxd4 Bd7 7. Be3 Bg7 8. c4 Nf6 9. f3 O-O 10. Nc3 a6 11. Ba4 Rc8 12. Nxc6 bxc6 13. Qd3 Qa5 14. a3 Be6 15. b4 Qc7 16. Rac1 Qb7 17. Rfd1 Nd7 18. Bb3 a5 19. b5 cxb5 20. Nxb5 Ne5 21. Qf1 Nxc4 22. Bxc4 Bxc4 23. Nxd6 exd6 24. Rxc4 Qb3 0-1

[Event "DM G7 Grp1 2025"]
[Site "Svendborg"]
[Date "2025.04.15"]
[Round "1"]
[White "Justesen, Asger"]
[Black "Jensen, Morten Frank"]
[Result "1/2-1/2"]
[WhiteElo "2077"]
[BlackElo "2004"]
[WhiteFideId "1476173"]
[BlackFideId "1407325"]
[EventDate "2025.04.15"]
[EventType "swiss"]
[EventRounds "7"]
[EventCountry "DEN"]
[SourceTitle "Live v. Kasper Jerwiarz"]

1. d4 d6 2. c4 Nf6 3. Nc3 g6 4. e4 Bg7 5. Be2 O-O 6. Nf3 e5 7. O-O exd4 8. Nxd4 Nc6 9. Be3 Re8 10. f3 Nxd4 11. Bxd4 b6 12. Qd2 Bb7 13. Rfd1 Qe7 14. Rac1 Rac8 15. Nd5 Qd8 16. b4 c5 17. Be3 Nxd5 18. cxd5 Qe7 19. bxc5 bxc5 20. Bb5 Rf8 21. Kh1 f5 22. Bg5 Bf6 23. Bxf6 Rxf6 24. Re1 fxe4 25. Rxe4 Qf7 26. Bc4 Rf8 27. Rce1 Qg7 28. Re7 R6f7 29. R7e6 Rf6 30. Qe2 Bc8 31. Re7 R6f7 32. Re3 Bf5 33. Bb3 Qd4 34. Qa6 Qf6 35. Qa4 h5 36. Bc2 Bxc2 37. Qxc2 Qf5 38. Qb3 h4 39. h3 Qf4 40. Re4 Qg3 41. Qb1 Rxf3 42. Re6 R3f6 43. Rxf6 Rxf6 44. Re8+ Kf7 45. Ra8 Rf2 46. Qb7+ Kf6 47. Rf8+ Ke5 48. Rxf2 Qxf2 49. Qxa7 Kxd5 50. a4 Qe1+ 51. Kh2 c4 52. Qb7+ Kd4 53. Qb6+ Kd5 54. Qb7+ Ke6 55. Qc8+ Kd5 56. Qb7+ Kd4 57. Qb6+ 1/2-1/2

[Event "DM G7 Grp1 2025"]
[Site "Svendborg"]
[Date "2025.04.15"]
[Round "1"]
[White "Hollesen, Kurt"]
[Black "Leimand, Jens Christian "]
[Result "0-1"]
[WhiteElo "1974"]
[BlackElo "2158"]
[WhiteFideId "1406817"]
[BlackFideId "1404270"]
[EventDate "2025.04.15"]
[EventType "swiss"]
[EventRounds "7"]
[EventCountry "DEN"]
[SourceTitle "Live v. Kasper Jerwiarz"]

1. e4 c5 2. c4 Nc6 3. Nc3 g6 4. g3 Bg7 5. Bg2 d6 6. d3 e6 7. Nge2 Nge7 8. O-O O-O 9. f4 Nd4 10. Nxd4 cxd4 11. Ne2 Rb8 12. a4 a6 13. g4 f5 14. exf5 gxf5 15. g5 b5 16. axb5 axb5 17. b3 Bb7 18. Ng3 Bxg2 19. Kxg2 Qd7 20. h4 e5 21. Qf3 bxc4 22. bxc4 Rb3 23. Ra3 e4 24. Qd1 Rxa3 25. Bxa3 e3 26. Qb3 Qc6+ 27. Kh3 Kh8 28. Qb5 Qc7 29. Qb4 Rd8 30. Rb1 Ng6 31. Ne2 d5 32. Kg3 dxc4 33. h5 cxd3 34. hxg6 dxe2 35. Rh1 e1=Q+ 36. Qxe1 Kg8 37. Rxh7 Qc3 38. Qxc3 dxc3 39. Kf3 Ra8 40. Bc5 c2 41. Bxe3 Ra3 42. Rh1 Bd4 0-1

[Event "DM G7 Grp1 2025"]
[Site "Svendborg"]
[Date "2025.04.15"]
[Round "1"]
[White "Boje, Tobias Rosholm"]
[Black "Peitersen, Andreas"]
[Result "1/2-1/2"]
[WhiteElo "2064"]
[BlackElo "1912"]
[WhiteFideId "1413643"]
[BlackFideId "1479814"]
[EventDate "2025.04.15"]
[EventType "swiss"]
[EventRounds "7"]
[EventCountry "DEN"]
[SourceTitle "Live v. Kasper Jerwiarz"]

1. e4 d6 2. d4 Nf6 3. Nc3 g6 4. Be3 Bg7 5. f3 a6 6. a4 Nc6 7. Bc4 O-O 8. Nge2 b6 9. Qd2 Na5 10. Ba2 h5 11. O-O c5 12. Rfd1 cxd4 13. Bxd4 Nc6 14. Be3 Qc7 15. Nf4 Nb4 16. Bb3 Kh7 17. Nb5 axb5 18. Qxb4 bxa4 19. Rxa4 Rxa4 20. Bxa4 Bd7 21. Bb3 b5 22. Ra1 e6 23. Ra6 d5 24. exd5 Qe5 25. Bc5 Rc8 26. Nd3 Nxd5 27. Nxe5 Nxb4 28. Bxb4 Bxe5 29. c3 Bc6 30. h3 Kg8 31. Kf2 Bf6 32. Ke3 h4 33. Bc2 Bd5 34. Bd3 Bg5+ 35. Ke2 Bc4 36. Bxc4 bxc4 37. Ra5 Bf6 38. Rc5 Rxc5 39. Bxc5 Be5 40. Ke3 g5 41. Bd4 Bf4+ 42. Ke2 Bc1 43. Kd1 Bf4 44. Kc2 Kf8 45. b4 cxb3+ 46. Kxb3 Ke7 47. Kc4 Kd6 48. Bf6 e5 49. Kd3 Ke6 50. Bd8 f5 51. Bb6 Kd5 52. c4+ Kc6 53. Bd8 Kc5 54. Be7+ Kc6 55. Bd8 Kd7 56. Bb6 Kc6 57. Bd8 Kc5 58. Be7+ Kc6 59. Bd8 1/2-1/2

[Event "DM G7 Grp1 2025"]
[Site "Svendborg"]
[Date "2025.04.15"]
[Round "1"]
[White "Paludan, Noah"]
[Black "Ramsdal, Lasse Andreas"]
[Result "0-1"]
[WhiteElo "1963"]
[BlackElo "1968"]
[WhiteFideId "1474987"]
[BlackFideId "1440675"]
[EventDate "2025.04.15"]
[EventType "swiss"]
[EventRounds "7"]
[EventCountry "DEN"]
[SourceTitle "Live v. Kasper Jerwiarz"]

1. e4 c5 2. Nc3 Nc6 3. Bb5 Nd4 4. Nf3 Nxb5 5. Nxb5 a6 6. Nc3 g6 7. d4 Bg7 8. dxc5 Qa5 9. O-O Bxc3 10. bxc3 Qxc3 11. Be3 Qg7 12. Bd4 Nf6 13. Re1 O-O 14. e5 Ne8 15. Rb1 f6 16. Qe2 Nc7 17. exf6 exf6 18. Ng5 Ne6 19. Nxe6 dxe6 20. f4 Qc7 21. Qe4 Rb8 22. c6 bxc6 23. Rxb8 Qxb8 24. Qxc6 Qxf4 25. Be3 Qb4 26. c3 Qb7 27. Qd6 Qd7 28. Rd1 Rd8 29. Qxd7 Rxd7 30. Rxd7 Bxd7 31. Kf2 Kf7 32. Bc5 e5 33. Ke3 Ke6 34. g3 Kf5 35. Be7 Ke6 36. Bc5 g5 37. Bb6 f5 38. Bc7 f4+ 39. gxf4 gxf4+ 40. Kf3 Kf5 41. Bb6 e4+ 42. Ke2 Bb5+ 43. Kf2 e3+ 44. Kf3 Bc6+ 45. Ke2 Ke4 46. c4 f3+ 47. Ke1 Bd7 48. Bc7 f2+ 49. Kf1 Bh3+ 50. Ke2 f1=Q# 0-1

[Event "DM G7 Grp1 2025"]
[Site "Svendborg"]
[Date "2025.04.15"]
[Round "1"]
[White "Shajan, Alan Pattayil"]
[Black "Snedker, Oliver Kaehne "]
[Result "1-0"]
[WhiteElo "1934"]
[BlackElo "1943"]
[WhiteFideId "33436134"]
[BlackFideId "1470051"]
[EventDate "2025.04.15"]
[EventType "swiss"]
[EventRounds "7"]
[EventCountry "DEN"]
[SourceTitle "Live v. Kasper Jerwiarz"]

1. e4 c5 2. c3 Nf6 3. e5 Nd5 4. Nf3 Nc6 5. Bc4 Nb6 6. Bb3 d5 7. exd6 Bf5 8. d4 exd6 9. O-O Be7 10. Be3 c4 11. Bc2 Bxc2 12. Qxc2 O-O 13. Nbd2 f5 14. d5 Nxd5 15. Nxc4 b5 16. Qb3 bxc4 17. Qxc4 Kh8 18. Qxd5 Qc7 19. Rfe1 Rab8 20. b3 Bf6 21. Bd4 Nxd4 22. cxd4 Rbe8 23. Rxe8 Rxe8 24. Qxf5 Bxd4 25. Nxd4 Qc3 26. Rf1 Qxd4 27. Qd7 Rf8 28. h3 h6 29. Qe6 a5 30. Qe3 Qb4 31. Rd1 Qa3 32. Qe2 Rf6 33. Qc2 Qb4 34. Qc4 Qxc4 35. bxc4 Rf4 36. Rc1 Rd4 37. Rc2 Rd1+ 38. Kh2 Kg8 39. Kg3 Kf7 40. Kf3 Kf6 41. h4 h5 42. g3 g6 43. Ke3 Ra1 44. Kd3 Ke6 45. Kc3 Rb1 46. Re2+ Kf5 47. Rd2 Ke6 48. Kc2 Rf1 49. Kb2 Ke7 50. Kb3 Ke6 51. Ka4 Rc1 52. Kb5 a4 53. Kb4 Ke5 54. Rd5+ Ke6 55. Rg5 Kf6 56. f4 Rc2 57. a3 Rc1 58. Kxa4 Rxc4+ 59. Kb5 Rc3 60. a4 d5 61. a5 d4 62. Rd5 Rxg3 63. Rxd4 Kf5 64. a6 Re3 65. a7 Re8 66. Rc4 Kg4 67. Kb6 Ra8 68. Kb7 Rxa7+ 69. Kxa7 Kxh4 70. f5+ Kg5 71. fxg6 Kxg6 72. Rc5 1-0

[Event "DM G7 Grp1 2025"]
[Site "Svendborg"]
[Date "2025.04.15"]
[Round "1"]
[White "Nielsen, Thomas"]
[Black "Jensen, Soren"]
[Result "1-0"]
[WhiteElo "1960"]
[BlackElo "1987"]
[WhiteFideId "1407147"]
[BlackFideId "1421204"]
[EventDate "2025.04.15"]
[EventType "swiss"]
[EventRounds "7"]
[EventCountry "DEN"]
[SourceTitle "Live v. Kasper Jerwiarz"]

1. d4 Nf6 2. c4 e5 3. dxe5 Ne4 4. a3 d6 5. exd6 Bxd6 6. e3 O-O 7. Nd2 Qe7 8. Nxe4 Qxe4 9. Qd3 Qe7 10. Nf3 Nc6 11. Be2 Be6 12. b3 Rad8 13. Qc2 b6 14. Bb2 f5 15. g3 a5 16. h4 h6 17. h5 Bd7 18. Nh4 Ne5 19. O-O Bc6 20. Nxf5 Qg5 21. Nd4 Nf3+ 22. Nxf3 Qxh5 23. Nh4 Qg5 24. Qg6 Qxg6 25. Nxg6 Be4 26. Nxf8 1-0

[Event "DM G7 Grp1 2025"]
[Site "Svendborg"]
[Date "2025.04.15"]
[Round "1"]
[White "Madsen, Michael Baehring"]
[Black "Skytte, Robert"]
[Result "1/2-1/2"]
[WhiteElo "2043"]
[BlackElo "1909"]
[WhiteFideId "1413031"]
[BlackFideId "1471775"]
[EventDate "2025.04.15"]
[EventType "swiss"]
[EventRounds "7"]
[EventCountry "DEN"]
[SourceTitle "Live v. Kasper Jerwiarz"]

1. e4 c5 2. Nf3 Nc6 3. b4 Nxb4 4. c3 Nc6 5. d4 cxd4 6. cxd4 d5 7. e5 Bg4 8. Be2 e6 9. O-O Nge7 10. Na3 Nf5 11. Nc2 Nh4 12. Rb1 Nxf3+ 13. gxf3 Bh3 14. Rxb7 Bxf1 15. Qxf1 Rb8 16. Bb5 Rxb7 17. Bxc6+ Rd7 18. Qb5 Qc8 19. Bd2 Be7 20. Nb4 Bxb4 21. Bxb4 f6 1/2-1/2

[Event "DM G7 Grp1 2025"]
[Site "Svendborg"]
[Date "2025.04.15"]
[Round "1"]
[White "Li, Anna Sofie"]
[Black "Christensen, Jacob Foged"]
[Result "0-1"]
[WhiteElo "1781"]
[BlackElo "1969"]
[WhiteFideId "1472119"]
[BlackFideId "1439073"]
[EventDate "2025.04.15"]
[EventType "swiss"]
[EventRounds "7"]
[EventCountry "DEN"]
[SourceTitle "Live v. Kasper Jerwiarz"]

1. e4 c5 2. Nf3 g6 3. d4 cxd4 4. Nxd4 Nc6 5. c4 Nf6 6. Nc3 d6 7. f3 Bg7 8. Be3 Bd7 9. Be2 O-O 10. Qd2 Nxd4 11. Bxd4 Qa5 12. O-O Rfc8 13. Rac1 Bc6 14. b3 Nd7 15. Bxg7 Kxg7 16. Qb2 Qe5 17. b4 b6 18. Rcd1 Kg8 19. f4 Qg7 20. e5 Nf8 21. exd6 exd6 22. Rxd6 Ne6 23. Bg4 Rc7 24. Bxe6 fxe6 25. Qe2 Re8 26. Qd3 e5 27. fxe5 Qxe5 28. Rdf6 Rd7 29. Qc2 Qe3+ 30. Kh1 Rd2 31. Rxg6+ Kh8 32. Qf5 hxg6 33. Qf6+ Kh7 34. Qxc6 Qf2 35. Qc7+ Kh6 36. Rb1 Qxg2# 0-1

[Event "DM G7 Grp1 2025"]
[Site "Svendborg"]
[Date "2025.04.15"]
[Round "1"]
[White "Jepsen, Thomas Tange"]
[Black "Kokholm, Daniel"]
[Result "1-0"]
[WhiteElo "1995"]
[BlackElo "1913"]
[WhiteFideId "1405357"]
[BlackFideId "1407155"]
[EventDate "2025.04.15"]
[EventType "swiss"]
[EventRounds "7"]
[EventCountry "DEN"]
[SourceTitle "Live v. Kasper Jerwiarz"]

1. Nf3 d6 2. d4 Nd7 3. Bf4 g6 4. e3 Bg7 5. Nbd2 a6 6. c3 c6 7. Bd3 e5 8. Bg3 h5 9. h4 Qe7 10. Qe2 Nh6 11. O-O-O b5 12. dxe5 dxe5 13. Bc2 f5 14. Ng5 Nc5 15. Nb3 Na4 16. Qd2 Bf6 17. Na5 Qc7 18. Qd6 Qxd6 19. Rxd6 Ke7 20. Rhd1 Ra7 21. Nxc6+ 1-0

[Event "DM G7 Grp1 2025"]
[Site "Svendborg"]
[Date "2025.04.15"]
[Round "1"]
[White "Bekmukhanov, Sauran"]
[Black "Andersen, Lars Christoff"]
[Result "0-1"]
[WhiteElo "1914"]
[BlackElo "1971"]
[WhiteFideId "1472844"]
[BlackFideId "1412760"]
[EventDate "2025.04.15"]
[EventType "swiss"]
[EventRounds "7"]
[EventCountry "DEN"]
[SourceTitle "Live v. Kasper Jerwiarz"]

1. e4 e6 2. d4 d5 3. e5 Ne7 4. c3 b6 5. Nf3 Qd7 6. Bd3 Ba6 7. Bxa6 Nxa6 8. O-O c6 9. Bf4 Ng6 10. Be3 Be7 11. Nbd2 c5 12. Re1 cxd4 13. cxd4 Rc8 14. a3 O-O 15. Nf1 Rc7 16. Qd3 Nb8 17. Rac1 Rfc8 18. Bd2 a5 19. Qb3 Rxc1 20. Rxc1 Rxc1 21. Bxc1 Qc6 22. Bd2 Nd7 23. Ne3 f6 24. exf6 Nxf6 25. Ne5 Nxe5 26. dxe5 Ne4 27. Be1 Qc1 28. Kf1 Nd2+ 0-1

[Event "DM G7 Grp1 2025"]
[Site "Svendborg"]
[Date "2025.04.15"]
[Round "1"]
[White "Mollasoltani, Aryan "]
[Black "Jorgensen, Alexander Torp"]
[Result "1-0"]
[WhiteElo "2014"]
[BlackElo "1900"]
[WhiteFideId "1465716"]
[BlackFideId "1434187"]
[EventDate "2025.04.15"]
[EventType "swiss"]
[EventRounds "7"]
[EventCountry "DEN"]
[SourceTitle "Live v. Kasper Jerwiarz"]

1. e4 c6 2. d4 d5 3. e5 Bf5 4. h4 h5 5. Bd3 Bxd3 6. Qxd3 e6 7. Bg5 Be7 8. Nf3 Nh6 9. Nbd2 Nf5 10. g3 c5 11. dxc5 Nc6 12. c4 f6 13. Bf4 Nb4 14. Qb3 Bxc5 15. O-O O-O 16. a3 Nc6 17. cxd5 Ncd4 18. Nxd4 Nxd4 19. Qc4 Qxd5 20. Qxd5 exd5 21. Rae1 Ne6 22. Nb3 b6 23. Bd2 Nd4 24. Nxd4 Bxd4 25. exf6 Rxf6 26. b3 Raf8 27. Be3 Bb2 28. Rd1 Rd6 29. a4 d4 30. Bg5 Rc8 31. Rd3 Rc3 32. Rfd1 Rxd3 33. Rxd3 Kf7 34. Kf1 Re6 35. Bd2 Ke7 36. Rf3 g6 37. Bb4+ Kd7 38. Rf7+ Kc6 39. Bd2 Bc3 40. Bxc3 dxc3 41. Rf3 Kc5 42. Rxc3+ Kb4 43. Rd3 Rc6 44. Ke2 Rc2+ 45. Ke3 Rc3 46. Rxc3 Kxc3 47. f4 Kxb3 48. g4 hxg4 49. f5 gxf5 50. h5 Kxa4 51. h6 b5 52. h7 b4 53. h8=Q Kb3 54. Qa8 Kc2 55. Qc6+ Kb2 56. Kd2 g3 57. Qf6+ Kb1 58. Qxf5+ Kb2 59. Qe5+ Ka3 60. Qxg3+ b3 61. Qc3 Ka2 62. Qa5+ Kb1 63. Qa3 1-0

[Event "DM G7 Grp1 2025"]
[Site "Svendborg"]
[Date "2025.04.16"]
[Round "2"]
[White "Rossen, Claus"]
[Black "Jepsen, Thomas Tange"]
[Result "1/2-1/2"]
[WhiteElo "2077"]
[BlackElo "1995"]
[WhiteFideId "1403222"]
[BlackFideId "1405357"]
[EventDate "2025.04.15"]
[EventType "swiss"]
[EventRounds "7"]
[EventCountry "DEN"]
[SourceTitle "Live v. Kasper Jerwiarz"]

1. e4 c6 2. Nf3 d5 3. exd5 cxd5 4. Ne5 Nf6 5. d4 e6 6. Bd3 Nc6 7. c3 Be7 8. O-O O-O 9. Nd2 Nxe5 10. dxe5 Nd7 11. Nf3 f5 12. Be3 Nc5 13. Bc2 Qc7 14. Bd4 Bd7 15. Re1 b5 16. Rc1 a5 17. Bxc5 Qxc5 18. Qd4 Rfc8 19. g3 Qxd4 20. Nxd4 Rc5 21. Bd3 b4 22. Nb3 Rcc8 23. cxb4 axb4 24. Rxc8+ Rxc8 25. Rc1 Rxc1+ 26. Nxc1 Kf7 27. Nb3 Ba4 28. Bc2 Bxb3 29. Bxb3 Bc5 30. Kg2 Bd4 31. f4 Bxb2 32. Ba4 Ke7 33. Kf3 h6 34. h4 g5 35. hxg5 hxg5 36. Bb5 Bd4 37. Ba4 g4+ 38. Ke2 Kd8 39. Bb5 Kc7 40. Ba4 Bg1 1/2-1/2

[Event "DM G7 Grp1 2025"]
[Site "Svendborg"]
[Date "2025.04.16"]
[Round "2"]
[White "Leimand, Jens Christian "]
[Black "Mollasoltani, Aryan "]
[Result "1/2-1/2"]
[WhiteElo "2158"]
[BlackElo "2014"]
[WhiteFideId "1404270"]
[BlackFideId "1465716"]
[EventDate "2025.04.15"]
[EventType "swiss"]
[EventRounds "7"]
[EventCountry "DEN"]
[SourceTitle "Live v. Kasper Jerwiarz"]

1. c4 Nf6 2. Nc3 e5 3. g3 Nc6 4. Bg2 Bb4 5. Nd5 Bc5 6. e3 O-O 7. Ne2 Re8 8. O-O Bf8 9. d4 d6 10. a3 Bg4 11. f3 Bf5 12. e4 Bd7 13. Bg5 exd4 14. Nxd4 Be7 15. Nxe7+ Qxe7 16. Nxc6 bxc6 17. Qd4 c5 18. Qd2 h6 19. Be3 Be6 20. Rfc1 a5 21. b4 axb4 22. axb4 Rxa1 23. Rxa1 Bxc4 24. bxc5 d5 25. Qd4 dxe4 26. fxe4 Qe5 27. Qxe5 Rxe5 28. Bd4 Re6 29. e5 Nd5 30. Ra4 Bb3 31. Ra3 Bc4 32. Ra4 Bb3 33. Ra8+ Kh7 34. Rb8 Bc4 35. c6 Ne7 36. Re8 Ng6 37. Rxe6 Bxe6 38. Kf2 Ne7 39. Bc5 Ng6 40. Bd4 Ne7 41. Bc5 Ng6 42. Ba7 Bb3 43. Bb8 Ne7 44. Bxc7 Ba4 45. Bd6 Nxc6 46. Ke3 Nd8 47. Bd5 Ne6 48. Bxe6 1/2-1/2

[Event "DM G7 Grp1 2025"]
[Site "Svendborg"]
[Date "2025.04.16"]
[Round "2"]
[White "Ramsdal, Lasse Andreas"]
[Black "Nielsen, Thomas"]
[Result "1-0"]
[WhiteElo "1968"]
[BlackElo "1960"]
[WhiteFideId "1440675"]
[BlackFideId "1407147"]
[EventDate "2025.04.15"]
[EventType "swiss"]
[EventRounds "7"]
[EventCountry "DEN"]
[SourceTitle "Live v. Kasper Jerwiarz"]

1. d4 d5 2. c4 e6 3. Nf3 c5 4. cxd5 exd5 5. Nc3 Nc6 6. Bf4 Nf6 7. h3 cxd4 8. Nxd4 Bc5 9. Ndb5 O-O 10. Nc7 d4 11. Nxa8 dxc3 12. bxc3 Ne4 13. e3 Qf6 14. Bd3 Qxc3+ 15. Ke2 Rd8 16. Bxe4 Rxd1 17. Rhxd1 Be6 18. Bxc6 Bc4+ 19. Kf3 bxc6 20. Rac1 Bd5+ 21. Kg3 Qb4 22. Rb1 Qe4 23. Rb8+ Bf8 24. f3 Qg6+ 25. Kh2 Qf6 26. Nc7 g5 27. Nxd5 cxd5 28. Bg3 Qe6 29. e4 f5 30. Rxd5 f4 31. Rxg5+ 1-0

[Event "DM G7 Grp1 2025"]
[Site "Svendborg"]
[Date "2025.04.16"]
[Round "2"]
[White "Christensen, Jacob Foged"]
[Black "Shajan, Alan Pattayil"]
[Result "1/2-1/2"]
[WhiteElo "1969"]
[BlackElo "1934"]
[WhiteFideId "1439073"]
[BlackFideId "33436134"]
[EventDate "2025.04.15"]
[EventType "swiss"]
[EventRounds "7"]
[EventCountry "DEN"]
[SourceTitle "Live v. Kasper Jerwiarz"]

1. d4 Nf6 2. c4 g6 3. Nf3 Bg7 4. Nc3 d5 5. Bf4 O-O 6. e3 c6 7. Bd3 a6 8. a4 Nbd7 9. O-O Re8 10. cxd5 Nxd5 11. Nxd5 cxd5 12. Qb3 e5 13. dxe5 Nxe5 14. Nxe5 Bxe5 15. Bxe5 Rxe5 16. Qb4 Qe7 17. Qxe7 Rxe7 18. Rfd1 Rc7 19. Rac1 Rxc1 20. Rxc1 Be6 21. Kf1 Rc8 22. Rxc8+ Bxc8 23. Ke2 Kf8 24. Kd2 Ke7 25. Kc3 Kd6 26. Kd4 h6 27. a5 Bd7 28. Be2 Be6 29. Bf3 f5 30. h4 Bf7 31. b4 Be6 32. Be2 Bd7 33. f4 Ba4 34. Bf3 Bb3 35. h5 gxh5 36. Bxh5 Bc2 37. Bg6 Bb1 38. g3 Bc2 39. Be8 Ke7 40. Bh5 Kd6 41. Be2 Ba4 42. Bd3 Bd7 43. Bc2 Be6 44. Ba4 Bf7 45. b5 axb5 46. Bxb5 Bh5 47. Bd3 Bg4 48. Bc2 Bh3 49. Ba4 Bg2 50. Be8 Bf3 51. Bf7 Bg2 52. Bh5 Be4 53. Be2 Bg2 54. a6 bxa6 55. Bxa6 Bf3 56. Bb7 Bg2 57. Bc8 1/2-1/2

[Event "DM G7 Grp1 2025"]
[Site "Svendborg"]
[Date "2025.04.16"]
[Round "2"]
[White "Andersen, Lars Christoff"]
[Black "Justesen, Asger"]
[Result "1/2-1/2"]
[WhiteElo "1971"]
[BlackElo "2077"]
[WhiteFideId "1412760"]
[BlackFideId "1476173"]
[EventDate "2025.04.15"]
[EventType "swiss"]
[EventRounds "7"]
[EventCountry "DEN"]
[SourceTitle "Live v. Kasper Jerwiarz"]

1. d4 d5 2. Nf3 Nf6 3. c4 e6 4. e3 Be7 5. Bd3 O-O 6. O-O dxc4 7. Bxc4 b6 8. Nc3 Bb7 9. Qe2 c5 10. Rd1 cxd4 11. exd4 Nd5 12. Be3 Nxc3 13. bxc3 Qc7 14. Bb3 Nc6 15. d5 exd5 16. Bxd5 Bf6 17. Qc4 Qc8 18. Ng5 Bxg5 19. Bxg5 Qf5 20. Bxc6 Bxc6 21. Qxc6 Qxg5 22. Rd5 Qe7 23. Rd7 Qe5 24. Rad1 g6 25. g3 Rac8 26. Qb7 Rxc3 27. Qxa7 Qc5 28. Rb7 Ra3 29. Qxb6 Qxb6 30. Rxb6 Rxa2 1/2-1/2

[Event "DM G7 Grp1 2025"]
[Site "Svendborg"]
[Date "2025.04.16"]
[Round "2"]
[White "Peitersen, Andreas"]
[Black "Madsen, Michael Baehring"]
[Result "0-1"]
[WhiteElo "1912"]
[BlackElo "2043"]
[WhiteFideId "1479814"]
[BlackFideId "1413031"]
[EventDate "2025.04.15"]
[EventType "swiss"]
[EventRounds "7"]
[EventCountry "DEN"]
[SourceTitle "Live v. Kasper Jerwiarz"]

1. Nf3 Nf6 2. g3 c5 3. Bg2 Nc6 4. O-O e5 5. d3 d5 6. e4 d4 7. Nbd2 Bd6 8. Nc4 Bc7 9. a4 a6 10. Nh4 O-O 11. Nf5 Rb8 12. g4 b5 13. Nd2 Ne8 14. Kh1 Ne7 15. Rg1 Ng6 16. Nf1 Nf4 17. Qf3 g6 18. N5g3 Qh4 19. Ne2 Bxg4 20. Qg3 Qxg3 21. Nexg3 b4 22. f3 Bd7 23. b3 Ng7 24. Bd2 Nge6 25. Be1 Nxg2 26. Rxg2 Nf4 27. Rf2 Bd8 28. Ne2 Bh3 29. Nxf4 exf4 30. Nd2 Rb6 31. Nc4 Re6 32. Rd2 g5 33. Bf2 f5 34. Rg1 fxe4 35. dxe4 h5 36. Nb2 Be7 37. Nd3 g4 38. Ne1 Kh7 39. Re2 Rg6 40. e5 gxf3 41. Re4 Rxg1+ 42. Kxg1 Bg4 43. Nd3 Kg6 44. Be1 Bf5 45. Rxf4 Bxd3 46. Rxf8 Bxf8 47. cxd3 Kf5 48. e6 Bd6 49. Bh4 Kxe6 50. h3 Kf5 51. Kf2 c4 52. dxc4 Ke4 53. Bf6 Bc5 0-1

[Event "DM G7 Grp1 2025"]
[Site "Svendborg"]
[Date "2025.04.16"]
[Round "2"]
[White "Skytte, Robert"]
[Black "Ringsmose, Christian"]
[Result "1/2-1/2"]
[WhiteElo "1909"]
[BlackElo "1944"]
[WhiteFideId "1471775"]
[BlackFideId "1451669"]
[EventDate "2025.04.15"]
[EventType "swiss"]
[EventRounds "7"]
[EventCountry "DEN"]
[SourceTitle "Live v. Kasper Jerwiarz"]

1. e4 c6 2. d4 d5 3. Nd2 dxe4 4. Nxe4 Nf6 5. Nxf6+ exf6 6. c3 Bd6 7. Bd3 O-O 8. Qc2 Re8+ 9. Ne2 h5 10. Be3 Nd7 11. O-O h4 12. h3 Nf8 13. Rad1 Be6 14. c4 Rc8 15. Rfe1 Bb8 16. Nf4 Qc7 17. Kf1 a6 18. c5 Rcd8 19. b4 1/2-1/2

[Event "DM G7 Grp1 2025"]
[Site "Svendborg"]
[Date "2025.04.16"]
[Round "2"]
[White "Jensen, Soren"]
[Black "Li, Anna Sofie"]
[Result "0-1"]
[WhiteElo "1987"]
[BlackElo "1781"]
[WhiteFideId "1421204"]
[BlackFideId "1472119"]
[EventDate "2025.04.15"]
[EventType "swiss"]
[EventRounds "7"]
[EventCountry "DEN"]
[SourceTitle "Live v. Kasper Jerwiarz"]

1. e4 e5 2. Bc4 Nf6 3. d4 exd4 4. Nf3 Nc6 5. O-O Nxe4 6. Re1 d5 7. Bxd5 Qxd5 8. Nc3 Qh5 9. Rxe4+ Be7 10. Nxd4 Qxd1+ 11. Nxd1 f5 12. Ne6 fxe4 13. Nxc7+ Kf7 14. Nxa8 Bd6 15. Nc3 Bf5 16. Nb5 Be5 17. Nac7 Rd8 18. Be3 a6 19. c3 axb5 20. Nxb5 Bg4 21. Kf1 h6 22. h3 Be6 23. Ke1 Ra8 24. a3 Bc4 25. Nd4 Nxd4 26. cxd4 Bf6 27. Rc1 b5 28. g3 Rd8 29. Rd1 Bd3 30. Rc1 Bxd4 31. Bxd4 Rxd4 32. Rc7+ Kf6 33. Rc6+ Ke7 34. Kd2 Rc4 0-1

[Event "DM G7 Grp1 2025"]
[Site "Svendborg"]
[Date "2025.04.16"]
[Round "2"]
[White "Kokholm, Daniel"]
[Black "Hollesen, Kurt"]
[Result "0-1"]
[WhiteElo "1913"]
[BlackElo "1974"]
[WhiteFideId "1407155"]
[BlackFideId "1406817"]
[EventDate "2025.04.15"]
[EventType "swiss"]
[EventRounds "7"]
[EventCountry "DEN"]
[SourceTitle "Live v. Kasper Jerwiarz"]

1. e4 c6 2. d4 d5 3. e5 Bf5 4. Ne2 e6 5. Ng3 Ne7 6. Bd3 Bxd3 7. Qxd3 Nd7 8. O-O Qb6 9. a4 c5 10. a5 Qc7 11. c3 Nc6 12. dxc5 Ncxe5 13. Qe2 Qxc5 14. b3 Bd6 15. Kh1 Nf6 16. a6 b6 17. Ba3 Qc7 18. f4 Ned7 19. Bxd6 Qxd6 20. Nf5 Qf8 21. Na3 g6 22. Nd4 Qc5 23. b4 Qc8 24. Nab5 Ne4 25. Qe3 O-O 26. Rf3 Kg7 27. Rh3 h5 28. g4 Ndf6 29. gxh5 Nxh5 30. Rg1 Rh8 31. f5 exf5 32. Qf3 Kf6 33. Ne2 Qc4 34. Ned4 Ng5 35. Rxg5 Kxg5 36. Nd6 Qa2 37. Qe3+ Kf6 38. Nf3 Qb1+ 39. Ng1 Qd1 40. Rf3 Rad8 41. Nb5 Rhe8 42. Qf2 Qe1 43. Qd4+ Qe5 44. Qh4+ Kg7 45. Nd4 Nf6 46. Nxf5+ gxf5 47. Qg5+ Kf8 48. Qh6+ Ke7 49. Re3 Ne4 50. Nf3 Qf6 51. Qf4 Kf8 52. Nd4 Qe5 53. Qxe5 Rxe5 54. Nc6 Nf2+ 55. Kg2 Rxe3 56. Nxd8 Re8 57. Nc6 Ne4 0-1

[Event "DM G7 Grp1 2025"]
[Site "Svendborg"]
[Date "2025.04.16"]
[Round "2"]
[White "Jorgensen, Alexander Torp"]
[Black "Paludan, Noah"]
[Result "0-1"]
[WhiteElo "1900"]
[BlackElo "1963"]
[WhiteFideId "1434187"]
[BlackFideId "1474987"]
[EventDate "2025.04.15"]
[EventType "swiss"]
[EventRounds "7"]
[EventCountry "DEN"]
[SourceTitle "Live v. Kasper Jerwiarz"]

1. c4 Nf6 2. Nc3 g6 3. b4 Bg7 4. Bb2 O-O 5. Nf3 d5 6. e3 Re8 7. d4 c6 8. Bd3 Nbd7 9. cxd5 Nxd5 10. Nxd5 cxd5 11. Ne5 Nxe5 12. dxe5 e6 13. Bd4 Bf8 14. a3 Bd7 15. h4 a5 16. b5 a4 17. b6 f6 18. h5 fxe5 19. Bxe5 Qg5 20. Bc7 Bg7 21. hxg6 hxg6 22. Ra2 Qxg2 23. Rh2 Qg1+ 24. Bf1 Bb5 0-1

[Event "DM G7 Grp1 2025"]
[Site "Svendborg"]
[Date "2025.04.16"]
[Round "2"]
[White "Snedker, Oliver Kaehne "]
[Black "Bekmukhanov, Sauran"]
[Result "1-0"]
[WhiteElo "1943"]
[BlackElo "1914"]
[WhiteFideId "1470051"]
[BlackFideId "1472844"]
[EventDate "2025.04.15"]
[EventType "swiss"]
[EventRounds "7"]
[EventCountry "DEN"]
[SourceTitle "Live v. Kasper Jerwiarz"]

1. e4 e5 2. Nf3 Nc6 3. Bc4 Nf6 4. d3 Bc5 5. c3 d6 6. O-O a6 7. Bb3 h6 8. Nbd2 O-O 9. h3 Re8 10. Re1 Be6 11. Nf1 Qd7 12. Ng3 Rad8 13. Bc2 d5 14. exd5 Bxd5 15. Be3 Bf8 16. Qe2 g6 17. Rad1 Bg7 18. Ne4 Nh5 19. Nc5 Qc8 20. Bb3 Nf4 21. Bxf4 exf4 22. Qd2 Bxf3 23. gxf3 g5 24. Kg2 b6 25. Ne4 Ne5 26. Qe2 Kf8 27. d4 Ng6 28. Qd3 Qf5 29. Bc2 b5 30. Kh2 Nh4 31. Nd2 Qd5 32. Bb3 Qd7 33. Bc2 c5 34. Rxe8+ Qxe8 35. d5 Qe5 36. c4 Qd4 37. Qe2 bxc4 38. Nxc4 Qf6 39. Re1 Kg8 40. d6 Nf5 41. Qe8+ Rxe8 42. Rxe8+ Bf8 43. Bxf5 Kg7 44. d7 Be7 45. Ne5 Bd8 46. Rxd8 Qxd8 47. Nc6 Qc7 48. d8=Q Qxc6 49. Qd3 1-0